Faculty of Law Library — Cairo University

Official Online Catalog

Droit public et administratif de l'Égypte : (Record no. 74408)

MARC details
000 -LEADER
fixed length control field 01124nam a2200313 i 4500
003 - CONTROL NUMBER IDENTIFIER
control field EG-GICUC
005 - DATE AND TIME OF LATEST TRANSACTION
control field 20260430092510.0
008 - FIXED-LENGTH DATA ELEMENTS--GENERAL INFORMATION
fixed length control field 260430s1909 fr abdefr|||| 000 0 fre d
040 ## - CATALOGING SOURCE
Original cataloging agency EG-GiCUC
Language of cataloging fre
Transcribing agency EG-GiCUC
Modifying agency EG-GiCUC
Description conventions Rda
041 0# - LANGUAGE CODE
Language code of text/sound track or separate title fre
082 04 - DEWEY DECIMAL CLASSIFICATION NUMBER
Edition number 21
Classification number 345.122
Item number LA . D
092 04 - LOCALLY ASSIGNED DEWEY CALL NUMBER (OCLC)
Edition number 21
099 ## - LOCAL FREE-TEXT CALL NUMBER (OCLC)
Classification number Law1 07 345.122 LA . D 1 ed - 1909
100 1# - MAIN ENTRY--PERSONAL NAME
Personal name Lamba, Henri,
Relator term Auteur
245 10 - TITLE STATEMENT
Title Droit public et administratif de l'Égypte :
Remainder of title lois organiques du Khédivat : administration - finances - justice /
Statement of responsibility, etc. par Henri Lamba.
264 ## - PRODUCTION, PUBLICATION, DISTRIBUTION, MANUFACTURE, AND COPYRIGHT NOTICE
Place of production, publication, distribution, manufacture Le Caire :
Name of producer, publisher, distributor, manufacturer Imprimerie Nationale,
Date of production, publication, distribution, manufacture, or copyright notice 1909.
300 ## - PHYSICAL DESCRIPTION
Extent 694 page :
Other physical details illustration,tableaux ;
Dimensions 24 cm.
336 ## - CONTENT TYPE
Source rda contenu
Content type term texte
337 ## - MEDIA TYPE
Source rda medias
Media type term Ordinateur
338 ## - CARRIER TYPE
Source transporteur rda
Carrier type term Ressource en ligne
504 ## - BIBLIOGRAPHY, ETC. NOTE
Bibliography, etc. note Comprend des références bibliographiques.<br/><br/>
546 ## - LANGUAGE NOTE
Language note Texte en français
650 14 - SUBJECT ADDED ENTRY--TOPICAL TERM
Topical term or geographic name entry element Droit administratif.
Source of heading or term qrmak
651 1# - SUBJECT ADDED ENTRY--GEOGRAPHIC NAME
Source of heading or term qrmak
710 ## - ADDED ENTRY--CORPORATE NAME
Corporate name or jurisdiction name as entry element Ministère De L'instruction Publique.
856 40 - ELECTRONIC LOCATION AND ACCESS
Uniform Resource Identifier <a href="https://fll.law.cu.edu.eg/fulltext/bks/B07-03336.pdf">https://fll.law.cu.edu.eg/fulltext/bks/B07-03336.pdf</a>
905 ## - Cataloger and Reviser Names
Cataloger Name: Ganna Ahmed
942 ## - ADDED ENTRY ELEMENTS (KOHA)
Source of classification or shelving scheme Dewey Decimal Classification
Koha item type Books
Edition 21
Suppress in OPAC No
Holdings
Withdrawn status Lost status Source of classification or shelving scheme Damaged status Not for loan Collection Home library Current library Date acquired Total checkouts Full call number Barcode Date last seen Copy number Price effective from Koha item type
    Dewey Decimal Classification   Not for loan القانون الإداري جــــامعة القــاهرة مكتبة كلية الحقوق - المبنى الرئيسي 30.04.2026   Law1 07 345.122 LA . D 1 ed - 1909 0703336 C1 B07-03336 30.04.2026 1 30.04.2026 Books

© All rights reserved — Faculty of Law, Cairo University